World Wood Pulp Statistics 1927-1937

Na minha lista:
Detalhes bibliográficos
Formato: Livro
Idioma:inglês
Publicado em: New York United States Pulp Producers Association 1938
Tags: Adicionar Tag
Sem tags, seja o primeiro a adicionar uma tag!

MARC

LEADER 00000nam a2200000 4500
001 0313555
005 20251210101607.8
041 0 |a eng 
044 |a US 
245 1 0 |a World Wood Pulp Statistics  |b 1927-1937 
264 1 |a New York  |b United States Pulp Producers Association  |c 1938